000 00995nam a22003017a 4500
001 7803
003 FISKH
005 20250807153804.0
008 250807b cb ||||| |||| 00| 0 eng d
020 _a9780876145173
040 _aDLC
_cDLC
_dDLC
_beng
050 _aF1210 .H35
082 0 0 _a972
100 1 _aHaskins, James
_d(1941-2005)
245 1 0 _aCount your way through Mexico /
_cBy Jim Haskins ; illustrations by Helen Byers.
250 _aThis edition first published in 1989
260 _aMinneapolis :
_bCarolrhoda Books,
_c1989.
300 _a19 unnumbered pages :
_bcolor illustrations ;
_c20 x 23 cm
505 _aO
520 _aPresents the numbers one to ten in Spanish, using each number to introduce concepts about Mexico and its culture.
521 8 _a600
_bLexile
521 8 _aO
_bRaz-Plus
650 0 _aCounting
_xJuvenile literature.
650 0 _aCivilization
_xMexico
700 1 _aByers, Helen
_eillustrator
942 _2ddc
_cBK
_n0
999 _c7803
_d7803